书目信息 |
| 题名: |
初级会计实务考点精要
|
|
| 作者: | ;财政部 , 全国会计资格考试辅导用书编写组 编 | |
| 分册: | ||
| 出版信息: | 北京 经济科学出版社 2017 |
|
| 页数: | 294页 | |
| 开本: | 26cm | |
| 丛书名: | 中财传媒版2018年度全国会计专业技术资格考试辅导系列丛书 | |
| 单 册: | ||
| 中图分类: | F233-44 | |
| 科图分类: | ||
| 主题词: | 会计实务--资格考试--习题集 | |
| 电子资源: | ||
| ISBN: | 978-7-5141-8660-4 | |
| 000 | 01076oam2 2200277 450 | |
| 001 | 012001001462 | |
| 005 | 20140921103355.0 | |
| 010 | @a978-7-5141-8660-4@dCNY48.00 | |
| 100 | @a20180315d2017 em y0chiy50 ea | |
| 101 | 0 | @achi |
| 102 | @aCN@b110000 | |
| 105 | @ay q 000yy | |
| 106 | @ar | |
| 200 | 1 | @a初级会计实务考点精要@9chu ji kuai ji shi wu kao dian jing yao@f财政部中财传媒,全国会计资格考试辅导用书编写组编 |
| 210 | @a北京@c经济科学出版社@d2017 | |
| 215 | @a294页@d26cm | |
| 225 | 1 | @a中财传媒版2018年度全国会计专业技术资格考试辅导系列丛书 |
| 300 | @a初级会计资格 | |
| 330 | @a本书共八章,内容包括:会计概述、资产、负债、所有者权益、财务报表、管理会计基础、政府会计基础等。 | |
| 461 | 0 | @12001 @a中财传媒版2018年度全国会计专业技术资格考试辅导系列丛书 |
| 606 | 0 | @a会计实务@x资格考试@j习题集 |
| 690 | @aF233-44@v5 | |
| 711 | 02 | @a财政部@9cai zheng bu@b中财传媒@4编 |
| 711 | 02 | @a全国会计资格考试辅导用书编写组@9quan guo kuai ji zi ge kao shi fu dao yong shu bian xie zu@4编 |
| 801 | 0 | @aCN@b上海新华@c20180901 |
| 905 | @b1156465-9@dF233-44@e561@f5 | |
| 初级会计实务考点精要/财政部中财传媒,全国会计资格考试辅导用书编写组编.-北京:经济科学出版社,2017 |
| 294页;26cm.-(中财传媒版2018年度全国会计专业技术资格考试辅导系列丛书) |
| 初级会计资格 |
| ISBN 978-7-5141-8660-4:CNY48.00 |
| 本书共八章,内容包括:会计概述、资产、负债、所有者权益、财务报表、管理会计基础、政府会计基础等。 |
| ● |
| 相关链接 |
|
|
|
|
正题名:初级会计实务考点精要
索取号:F233-44/561
 
预约/预借
| 序号 | 登录号 | 条形码 | 馆藏地/架位号 | 状态 | 备注 |
| 1 | 1156465 | 211564653 | 第一样本阅览室/ [索取号:F233-44/561] | 在馆 | |
| 2 | 1156466 | 211564662 | 第一借阅区/ [索取号:F233-44/561] | 在馆 | |
| 3 | 1156467 | 211564671 | 第一借阅区/ [索取号:F233-44/561] | 在馆 | |
| 4 | 1156468 | 211564680 | 密集书库-海洋学院/ [索取号:F233-44/561] | 在馆 | |
| 5 | 1156469 | 211564699 | 第一借阅区/ [索取号:F233-44/561] | 在馆 |